OZETA odevné závody a.s. výročná správa 1999
Salvato in:
| Natura: | Libro |
|---|---|
| Lingua: | slovacco inglese |
| Pubblicazione: |
Trenčín
OZETA odevné závody a.s.
2000
|
| Soggetti: | |
| Tags: |
Nessun Tag, puoi essere il primo ad aggiungerne!!
|
MARC
| LEADER | 00000nam a2200000 4500 | ||
|---|---|---|---|
| 001 | c124527 | ||
| 005 | 20221108083414.8 | ||
| 041 | 0 | |a slo | |
| 041 | 0 | |a eng | |
| 044 | |a SK | ||
| 245 | 1 | 0 | |a OZETA odevné závody a.s. |b výročná správa 1999 |
| 264 | 1 | |a Trenčín |b OZETA odevné závody a.s. |c 2000 | |
| 300 | |a 19 s. | ||
| 610 | 2 | 0 | |a spoločnosti akciové |
| 610 | 2 | 0 | |a firmy |
| 610 | 2 | 0 | |a odevy |
| 610 | 2 | 0 | |a priemysel odevný |
| 610 | 2 | 0 | |a textil |
| 610 | 2 | 0 | |a pracovníci riadiaci |
| 610 | 2 | 0 | |a predstavenstvo |
| 610 | 2 | 0 | |a rady dozorné |
| 610 | 2 | 0 | |a akcionári |
| 610 | 2 | 0 | |a súvaha |
| 610 | 2 | 0 | |a výkazy finančné |
| 610 | 2 | 0 | |a výkazy účtovné |
| 610 | 2 | 0 | |a podnikanie |
| 610 | 2 | 0 | |a programy sociálne |
| 610 | 2 | 0 | |a audit |
| 610 | 2 | 0 | |a prognózy |